Automotive engines (Record no. 12154)

000 -LEADER
fixed length control field 00538nam a2200193 4500
001 - CONTROL NUMBER
control field 12154
003 - CONTROL NUMBER IDENTIFIER
control field BD-DhUET
008 - FIXED-LENGTH DATA ELEMENTS--GENERAL INFORMATION
fixed length control field 710511s1971 nyuah 001 0 eng
040 ## - CATALOGING SOURCE
Original cataloging agency DLC
Transcribing agency DLC
Modifying agency BD-DhUET
082 00 - DEWEY DECIMAL CLASSIFICATION NUMBER
Classification number 629.25
Item number CRO/1971
100 ## - MAIN ENTRY--PERSONAL NAME
Personal name Crouse, William H.
245 10 - TITLE STATEMENT
Title Automotive engines
Remainder of title construction, operation, and maintenance
250 ## - EDITION STATEMENT
Edition statement 4th ed.
260 ## - PUBLICATION, DISTRIBUTION, ETC. (IMPRINT)
Place of publication, distribution, etc. New York
Name of publisher, distributor, etc. McGraw-Hill
Date of publication, distribution, etc. 1971
300 ## - PHYSICAL DESCRIPTION
Extent 495 p.
Other physical details illus.
Dimensions 26 cm.
490 0# - SERIES STATEMENT
Series statement McGraw-Hill automotive technology series
650 #0 - SUBJECT ADDED ENTRY--TOPICAL TERM
Topical term or geographic name as entry element Automobiles
942 ## - ADDED ENTRY ELEMENTS (KOHA)
Koha item type General Book
Holdings
Koha item type Date acquired Piece designation (barcode) Sublocation or collection (holding branch) Lost status Shelving location Koha full call number Location (home branch) Copy number Koha date last seen Damaged status Not for loan Source of classification or shelving scheme Koha normalized classification for sorting Price effective from Withdrawn status
General Book2015-02-2431220Central Library, BUET Circulation section629.25/CRO/1971Central Library, BUET12015-02-24   629_250000000000000_CRO_19712015-02-24 
General Book2015-02-2634748Central Library, BUET Circulation section629.25/CRO/1971Central Library, BUET22015-02-26   629_250000000000000_CRO_19712015-02-26 
General Book2015-05-1131223Central Library, BUET Circulation section629.25/CRO/1971Central Library, BUET32015-05-11   629_250000000000000_CRO_19712015-05-11 
General Book2015-05-1131218Central Library, BUET Circulation section629.25/CRO/1971Central Library, BUET42015-05-11   629_250000000000000_CRO_19712015-05-11 
Reading Item2015-06-2026344Central Library, BUET Reading section629.25/CRO/1971Central Library, BUET52015-06-20   629_250000000000000_CRO_19712015-06-20 
Reading Item2015-06-3031221Central Library, BUET Reading section629.25/CRO/1971Central Library, BUET62015-06-30   629_250000000000000_CRO_19712015-06-30